000 00244nam a22001217a 4500
008 170927b xxu||||| |||| 00| 0 eng d
041 _aeng
080 _a37
100 _a47
101 _aEDU
245 _aPSULINES
_cTABOR,P
942 _2udc
_cBK
999 _c30312
_d30312